000
00183nam a2200073Ia 4500
008
170817s9999 xx 000 0 und d
100
_a
Rishiswar. V
245
0
_a
Sanskrit Shikshaan
260
_b
Agarwal Prakashan Agara
999
_c
39371
_d
39371